| 000 | 00629nam a22001937a 4500 | ||
|---|---|---|---|
| 005 | 20140306152114.0 | ||
| 010 | _aENG-108745 | ||
| 020 |
_c650.00 _a9788192426549 |
||
| 035 | _aEN-92278 | ||
| 037 | _bDBAD/PUB | ||
| 082 | _a305.4 | ||
| 100 | _aThakur, Sadhana | ||
| 245 |
_aIndian women in modern society / _cby Sadhana Thakur |
||
| 260 |
_aNew Delhi _bGaurav Book Distributors _c2012 |
||
| 270 |
_aH No. 45,Ground floor, Shivaji Marg, Gali No. 5, Kartar Nagar _bDelhi _e110053 |
||
| 300 |
_aviii,208p. _c22cm(Hb) |
||
| 500 | _aIncludes bibliographical references and lndex | ||
| 942 |
_2ddc _cEN _mTHA _h305.4 |
||
| 999 |
_c81079 _d81079 |
||